| 000 | 01405nam a2200349Ia 4500 | ||
|---|---|---|---|
| 001 | ebr10115196 | ||
| 003 | CaPaEBR | ||
| 006 | m u | ||
| 007 | cr cn||||||||| | ||
| 008 | 020418s2002 enk sb 001 0 eng d | ||
| 010 | _z 2002068418 | ||
| 020 | _z1403976007 | ||
| 020 | _z0312296215 | ||
| 040 |
_aCaPaEBR _cCaPaEBR |
||
| 035 | _a(OCoLC)560027002 | ||
| 050 | 1 | 4 |
_aE183.8.E3 _bA48 2002eb |
| 082 | 0 | 4 |
_a338.91/73062/09045 _221 |
| 100 | 1 |
_aAlterman, Jon B., _d1964- |
|
| 245 | 1 | 0 |
_aEgypt and American foreign assistance, 1952-1956 _h[electronic resource] : _bHopes Dashed / _cJon B. Alterman. |
| 250 | _a1st ed. | ||
| 260 |
_aHoundmills, Basingstoke, Hampshire ; _aNew York : _bPalgrave, _c2002. |
||
| 300 | _axxiv, 200 p. | ||
| 504 | _aIncludes bibliographical references (p. [177]-194) and index. | ||
| 533 |
_aElectronic reproduction. _bPalo Alto, Calif. : _cebrary, _d2009. _nAvailable via World Wide Web. _nAccess may be limited to ebrary affiliated libraries. |
||
| 650 | 0 | _aInternational relations. | |
| 651 | 0 |
_aUnited States _xForeign relations _zEgypt. |
|
| 651 | 0 |
_aEgypt _xForeign relations _zUnited States. |
|
| 651 | 0 |
_aUnited States _xForeign relations _y1945-1989. |
|
| 655 | 7 |
_aElectronic books. _2local |
|
| 710 | 2 | _aebrary, Inc. | |
| 856 | 4 | 0 |
_uhttp://site.ebrary.com/lib/rucke/Doc?id=10115196 _zAn electronic book accessible through the World Wide Web; click to view |
| 999 |
_c207771 _d207771 |
||